|
|
|
|
| LEADER |
00000naa2a2200000 4500 |
| 001 |
392772 |
| 005 |
20231101064313.0 |
| 035 |
|
|
|a (RuTPU)RU\TPU\prd\28268
|
| 090 |
|
|
|a 392772
|
| 100 |
|
|
|a 20040927a2004 k y0rusy50 ca
|
| 101 |
0 |
|
|a rus
|
| 102 |
|
|
|a RU
|
| 200 |
1 |
|
|a Очередное начало морской археологии
|f А. В. Лукошков
|
| 225 |
1 |
|
|a Вести из экспедиций
|
| 320 |
|
|
|a Библиогр.: 10 назв.
|
| 461 |
|
1 |
|0 (RuTPU)RU\TPU\prd\304
|x 0032-874X
|t Природа
|o естественно-научный журнал
|f Российская Академия наук
|d 1912-
|
| 463 |
|
1 |
|0 (RuTPU)RU\TPU\prd\72994
|t № 6
|v с. 40-48
|d 2004
|
| 610 |
1 |
|
|a морская археология
|
| 610 |
1 |
|
|a экпедиции
|
| 610 |
1 |
|
|a затонувшие корабли
|
| 700 |
|
1 |
|a Лукошков
|b А. В.
|
| 801 |
|
1 |
|a RU
|b 63413507
|c 20040927
|g PSBO
|
| 801 |
|
2 |
|a RU
|b 63413507
|c 20100120
|g RCR
|
| 942 |
|
|
|c BK
|